| 000 | 00851cab a2200253 4500 | ||
|---|---|---|---|
| 001 | WB3443-22 | ||
| 008 | 090401t1998 xxu||||| |||| 00| 0 eng d | ||
| 035 | _a(Sirsi) u89621 | ||
| 041 | _aeng | ||
| 245 | _aAnti-gazumping paper misses bill timetable | ||
| 260 | _c1998 | ||
| 350 | _a0 | ||
| 490 |
_aProperty Week _v63(28) 6 November 1998, 16(1) |
||
| 520 | _aThe governemnts` plans to speed up the housebuying process will not be on this years` legislative programme. However, estate agencies and professional associations are proposing their own methods of speeding up the housebuying system. | ||
| 650 | _aANTI-GAZUMPING LEGISLATION | ||
| 650 | _aCONSULTATION PAPER | ||
| 650 | _aESTATE AGENCY | ||
| 650 | _aGOVERNMENT | ||
| 650 | _aHOUSEBUYING | ||
| 650 | _aLEGISLATION | ||
| 690 | _aHOUSING | ||
| 942 | _n0 | ||
| 948 | _c11/11/1998 | ||
| 999 |
_c56728 _d56728 |
||